Online katalóg knižníc regiónu Turca

Prekročiť prah nádeje (Record no. 20415)

MARC details
000 -LEADER
fixed length control field 01559cam a2200433 a 4500
001 - CONTROL NUMBER
control field 20415
003 - CONTROL NUMBER IDENTIFIER
control field VRT
005 - DATE AND TIME OF LATEST TRANSACTION
control field 20260122122951.0
008 - FIXED-LENGTH DATA ELEMENTS--GENERAL INFORMATION
fixed length control field 250414s1995 xo grf 000 0 slo
015 ## - NATIONAL BIBLIOGRAPHY NUMBER
National bibliography number SNBA1995/0902382
020 ## - INTERNATIONAL STANDARD BOOK NUMBER
International Standard Book Number 8085487268
035 ## - SYSTEM CONTROL NUMBER
System control number SNK000001553
035 ## - SYSTEM CONTROL NUMBER
System control number urn:nbn:sk:snk-amkdwg
035 ## - SYSTEM CONTROL NUMBER
System control number urn:nbn:sk:snk-am003pd8
035 ## - SYSTEM CONTROL NUMBER
System control number 129B1AF8-E521-4950-9E11-6A70F4BCBF69
039 #9 - LEVEL OF BIBLIOGRAPHIC CONTROL AND CODING DETAIL [OBSOLETE]
Level of rules in bibliographic description 202504141511
Level of effort used to assign nonsubject heading access points VLOAD
Level of effort used to assign subject headings 202502260917
Level of effort used to assign classification msnk160
Level of effort used to assign subject headings 202502260916
Level of effort used to assign classification msnk160
Level of effort used to assign subject headings 202403141056
Level of effort used to assign classification VLOAD
040 ## - CATALOGING SOURCE
Original cataloging agency SNK
Language of cataloging slo
Transcribing agency SNK
Description conventions AACR2
041 1# - LANGUAGE CODE
Language code of text/sound track or separate title slo
Language code of original ita
044 ## - COUNTRY OF PUBLISHING/PRODUCING ENTITY CODE
MARC country code xo
ISO country code SK
080 ## - UNIVERSAL DECIMAL CLASSIFICATION NUMBER
Universal Decimal Classification number 261:282
Edition identifier 1981
080 ## - UNIVERSAL DECIMAL CLASSIFICATION NUMBER
Universal Decimal Classification number 304
Edition identifier 1981
100 0# - MAIN ENTRY--PERSONAL NAME
Personal name Ján Pavol
Numeration II.,
Titles and words associated with a name pápež,
Dates associated with a name 1920-2005
Relationship aut
245 10 - TITLE STATEMENT
Title Prekročiť prah nádeje
Statement of responsibility, etc. Ján Pavol II. ; editor Vittorio Messori
260 ## - PUBLICATION, DISTRIBUTION, ETC.
Place of publication, distribution, etc. Bratislava
Name of publisher, distributor, etc. Nové Mesto
Place of publication, distribution, etc. Rím
Name of publisher, distributor, etc. Slovenský ústav sv. Cyrila a Metoda
Date of publication, distribution, etc. 1995
300 ## - PHYSICAL DESCRIPTION
Extent 201 s.
Other physical details Zoz. skr.
Dimensions 21 cm
500 ## - GENERAL NOTE
General note Faksim. rkp. na predsádkach
500 ## - GENERAL NOTE
General note Z tal. orig. prel. Mikuláš Hučko
650 07 - SUBJECT ADDED ENTRY--TOPICAL TERM
Topical term or geographic name entry element viera kresťanská
General subdivision úvahy
Source of heading or term SNK
655 #7 - INDEX TERM--GENRE/FORM
Genre/form data or focus term príručky
Source of term SNK
700 1# - ADDED ENTRY--PERSONAL NAME
Personal name Vančo, Ladislav,
Dates associated with a name 1949-
Relationship oth
700 1# - ADDED ENTRY--PERSONAL NAME
Personal name Hučko, Mikuláš
Relationship trl
911 ## - EQUIVALENCE OR CROSS-REFERENCE-CONFERENCE OR MEETING NAME [LOCAL, CANADA]
Meeting name or jurisdiction name as entry element KN 1995/09
Number [OBSOLETE] 02382
Location of meeting 02350
942 ## - ADDED ENTRY ELEMENTS (KOHA)
Source of classification or shelving scheme Dewey Decimal Classification
Koha item type Odborná literatúra pre dospelých
Suppress in OPAC No
949 ## - LOCAL PROCESSING INFORMATION (OCLC)
9 P60, <09>, [BOOK], {629}
a snkC 1303
b snk2549/950807
949 ## - LOCAL PROCESSING INFORMATION (OCLC)
6 17A0079148
9 P60, <04>, [BOOK], {604}
a snkSC 88761 D1
b snkKSP 6845/95
949 ## - LOCAL PROCESSING INFORMATION (OCLC)
6 17A1012814
a snkSC 88761
b snkKSP 6844/95
s 6100:20140925
Holdings
Stav vyradenia Strata Poškodenie Spôsob nadobudnutia Domovská knižnica Aktuálna knižnica Dátum nadobudnutia Total checkouts Čiarový kód exemplára Date last seen Typ exemplára
      Dar Obecná knižnica Horná Štubňa Obecná knižnica Horná Štubňa 22.01.2026   4736200446 22.01.2026 Odborná literatúra pre dospelých
Projekt je podporený Slovenskou asociáciou knižníc
Prevádzkuje Turčianska knižnica Martin 2026